| 000 | 00671nam a2200241Ia 4500 | ||
|---|---|---|---|
| 008 | 160303s9999 xx 000 0 und d | ||
| 020 | _a978-0-07-122090-3 | ||
| 050 | _aMAIN TS 155 | ||
| 050 | _b.J33 2011 | ||
| 100 | _aJacobs, F. Robert | ||
| 245 | _aOperations and supply chain management / | ||
| 245 | _cF. Robert Jacobs, Richard B. Chase ; Rhonda R. Lummus, contributor. | ||
| 250 | _a13th Edition | ||
| 260 | _aNew York : | ||
| 260 | _bMcGraw-Hill. | ||
| 260 | _c2011 | ||
| 300 | _a829 pages : | ||
| 300 | _billustrations ; | ||
| 300 | _c28 cm. | ||
| 500 | _aIncludes index. | ||
| 650 | _aBusiness logistics. | ||
| 650 | _aProduction management. | ||
| 999 |
_c291086 _d291086 |
||